LEADER 01713oam 2200541zu 450 001 9910453555603321 005 20210721054722.0 010 $a1-282-16133-4 010 $a9786612161339 010 $a90-272-9665-0 035 $a(CKB)1000000000552327 035 $a(SSID)ssj0000278742 035 $a(PQKBManifestationID)11212623 035 $a(PQKBTitleCode)TC0000278742 035 $a(PQKBWorkID)10258220 035 $a(PQKB)10262120 035 $a(MiAaPQ)EBC622470 035 $a(EXLCZ)991000000000552327 100 $a20160829d2003 uy 101 0 $aeng 181 $ctxt 182 $cc 183 $acr 200 00$aDiscourse constructions of youth identities 210 31$a[Place of publication not identified]$cJ Benjamins Pub$d2003 225 0 $aPragmatics & beyond Discourse constructions of youth identities 300 $aBibliographic Level Mode of Issuance: Monograph 311 $a1-58811-355-8 311 $a90-272-5352-8 606 $aYouth$xLanguage 606 $aDiscourse analysis 606 $aIdentity (Psychology) in youth 606 $aPhilology & Linguistics$2HILCC 606 $aLanguages & Literatures$2HILCC 615 0$aYouth$xLanguage 615 0$aDiscourse analysis 615 0$aIdentity (Psychology) in youth 615 7$aPhilology & Linguistics 615 7$aLanguages & Literatures 676 $a401/.41 700 $aAndroutsopoulos$b Jannis K.; Georgakopoulou, Alexandra$0966861 702 $aGeorgakopoulou$b Alexandra 702 $aAndroutsopoulos$b Jannis K 801 0$bPQKB 906 $aBOOK 912 $a9910453555603321 996 $aDiscourse constructions of youth identities$92194406 997 $aUNINA LEADER 01065nam a2200253 i 4500 001 991001635589707536 008 060519 2006 it ita 020 $a8838733678 035 $ab13403217-39ule_inst 040 $aDip.to Filosofia$bita 082 0 $a020 100 1 $aDella Bella, Marina$043910 245 10$aManuale del bibliotecario :$bordinamento biblioteche, bibliologia e paleografia, biblioteconomia e bibliografia, catalogazione e classificazione,internet e servizi bibliotecari : legislazione e modulistica, glossario /$cMarina Della Bella 250 $a5. ed 260 $aSantarcangelo di Romagna :$bMaggioli,$c2006 300 $a467 p. ;$c24 cm 440 0$aEsami & professioni ;$v88 650 4$aBiblioteconomia$xManuali 907 $a.b13403217$b21-09-06$c19-05-06 912 $a991001635589707536 945 $aLE005 020 DEL01. 01$g1$i2005000174797$lle005$o-$pE29.00$q-$rn$so $t0$u1$v0$w1$x0$y.i14237891$z19-05-06 996 $aManuale del bibliotecario$9357592 997 $aUNISALENTO 998 $ale005$b19-05-06$cm$da $e-$fita$git $h0$i0